1848 1365 1421 1547 1639 1955 1575 1500 1067 1950 1820 1316 1958 1177 1073 1985 1702 1832 1997 1009 1688 1469 1461 1827 1587 1429 1560 1857 1975 1789 1792 1968 1123 1617 1177 1756 1589 1127 1194 1579 1730 1188 1753 1808 1080 1774 1369 1365 1541 1613 1607 1583 1593 1246 1665 1568 1833 1685 1802 1312 1088 1753 1828 1951 1098 1086 1932 1902 1380 1310 1973 1440 1635 1390 1618 1317 1787 1165 1188 1983 1680 1993 1738 1134 1042 1162 1323 1820 1728 1394 1912 1053 1783 1313 1335 1258 1363 1625 1145 BCNSPRNW ULIB Ver.6.0+V

เปลี่ยนเป็นภาษาไทย

Change to English
 แสดงรายละเอียดบรรณานุกรม
  กลับหน้าหลัก

Brief Record : Get Marc (ISO 2709) : E-mail record : QR code < ปิดหน้าต่าง
LEADER : 00000nam 2200000uu 4500
001    13399110967
003     ULIB
008    110614s||||||||th 000 0 tha d
020    9789741628346
050  4 AC158^bค961ว 2551
100 1  โดกีซอง
245 10 วิทยาศาสตร์ฉลาดรู้ เรื่อง จรวดและดาวเทียม /^cโดกีซอง,เรื่องและภาพ ; สถิตชลาลัย, แปล
250    พิมพ์ครั้งที่ 3
260    กรุงเทพฯ :^bอัมรินทร์คอมมิกส์,^c2551
300    193 หน้า :^bภาพประกอบ ;^c21 ซม.
440  0 ชุดวิทยาศาสตร์ฉลาดรู้ ;^vลำดับที่ 8
650  7 การ์ตูน
650  7 จรวด^xวรรณกรรมสำหรับเด็ก
650  7 วรรณกรรมเกาหลี
650  7 วรรณกรรมสำหรับเด็ก
650  7 ดาเทียม^xวรรณกรรมสำหรับเด็ก
700 0  สถิตชลาลัย,^eผู้แปล
945    ^p199^l0^i024358
995    ทศพร
999 ^a ใช้งานได้ทุกระบบ
รายการนี้ยังไม่มีแท็ก
คุณยังไม่ได้ล็อกอิน คุณสามารถมีกิจกรรมร่วมกับเว็บไซต์ได้ แต่ต้องล็อกอินก่อน ::
  ล็อกอิน

รายการสื่อสารสนเทศ

ลำดับที่ ประเภท เลขเรียก/บาร์โค้ด สถานที่ สถานะ
- ไม่พบข้อมูล -

รายการใกล้เคียง
    ผู้แต่ง [โดกีซอง]

    หัวเรื่อง [การ์ตูน]
    หัวเรื่อง [วรรณกรรมเกาหลี]
    หัวเรื่อง [วรรณกรรมสำหรับเด็ก]

BibComment


ยังไม่เคยถูกคอมเมนท์

คอมเมนท์ทรัพยากรรายการนี้
  คอมเมนท์: วิทยาศาสตร์ฉลาดรู..


 Copyright 2026. Bcnsprnw @Library